[Event "POL-ch U20"]
[Site "Chotowa"]
[Date "2023.10.26"]
[Round "4"]
[White "Stachowicz, Hubert"]
[Black "Dziewonski, Dariusz"]
[Result "0-1"]
[WhiteElo "1583"]
[BlackElo "2218"]
[PlyCount "84"]
[EventDate "2023.10.24"]
[EventType "swiss"]
[EventRounds "9"]
[EventCountry "POL"]
[SourceTitle "CBM 216 Extra"]
[Source "ChessBase"]
[SourceDate "2023.11.30"]
[SourceVersion "1"]
[SourceVersionDate "2023.11.30"]
[SourceQuality "1"]

1. d4 d5 2. c4 e6 3. Nc3 c6 4. Nf3 dxc4 5. e3 b5 6. a4 Bb4 7. Bd2 a5 8. axb5 Bxc3 9. Bxc3 cxb5 10. b3 Bb7 11. bxc4 b4 12. Bb2 Nf6 13. Bd3 0-0 14. 0-0 Nbd7 15. Nd2 Qc7 16. f4 a4 17. e4 a3 18. Bc1 Qd6 19. d5 exd5 20. cxd5 Ba6 21. Nb3 Qb6+ 22. Kh1 Rfe8 23. Re1 Bxd3 24. Qxd3 Ng4 25. Be3 Nxe3 26. Rxe3 Nf6 27. Nd4 Rac8 28. Rae1 Rc3 29. Qd2 Rxe3 30. Rxe3 a2 31. Nb3 Rxe4 32. Rf3 Qd4 33. Qc1 Qxd5 34. h3 Qc4 35. Qd2 Qxb3 36. Rxb3 a1Q+ 37. Kh2 Qa5 38. Qc2 h6 39. Qc8+ Re8 40. Qb7 Nd5 41. Rd3 Nxf4 42. Rf3 Qe5 0-1